| 000 | 00532nam a2200205 a 4500 | ||
|---|---|---|---|
| 999 |
_c702 _d702 |
||
| 008 | 191015s2009 ii ||||g |||| 00| 0 eng d | ||
| 020 |
_a9788178299082 _cRs. 495.00 |
||
| 040 |
_aKO _beng |
||
| 041 | 0 | _aeng | |
| 044 | _aii | ||
| 082 | 0 | 4 |
_223 _a658.421 _bN1538 |
| 100 | 1 | _aNandan, Raghu | |
| 245 | 1 | 0 |
_aUnleashing Your Entrepreneurial Potential / _cRaghu Nandan |
| 260 |
_aNew Delhi : _bResponse Books , _c2009 |
||
| 300 |
_axvi, 353 p. ; _c24 cm. |
||
| 650 | 0 | _aEntrepreneurship | |
| 904 | _aA_BOSE | ||
| 942 | _cBK | ||